Cost and management accounting: fundamentals and its applications (Record no. 169321)
[ view plain ]
| 000 -LEADER | |
|---|---|
| fixed length control field | 00628nam a2200217Ia 4500 |
| 003 - CONTROL NUMBER IDENTIFIER | |
| control field | OSt |
| 005 - DATE AND TIME OF LATEST TRANSACTION | |
| control field | 20230613153742.0 |
| 008 - FIXED-LENGTH DATA ELEMENTS--GENERAL INFORMATION | |
| fixed length control field | 210423s2015 xx 000 0 und d |
| 020 ## - INTERNATIONAL STANDARD BOOK NUMBER | |
| International Standard Book Number | 978-93259-9032-6 |
| 040 ## - CATALOGING SOURCE | |
| Transcribing agency | AL |
| 041 ## - LANGUAGE CODE | |
| Language code of text/sound track or separate title | eng |
| 082 ## - DEWEY DECIMAL CLASSIFICATION NUMBER | |
| Classification number | 657.42 |
| Edition number | 23 |
| Item number | GILC |
| 100 ## - MAIN ENTRY--PERSONAL NAME | |
| Personal name | GILL (Suveera) |
| 9 (RLIN) | 84594 |
| 245 ## - TITLE STATEMENT | |
| Title | Cost and management accounting: fundamentals and its applications |
| 260 ## - PUBLICATION, DISTRIBUTION, ETC. | |
| Place of publication, distribution, etc. | Noida |
| Name of publisher, distributor, etc. | Vikas Publications |
| Date of publication, distribution, etc. | 2015 |
| 300 ## - PHYSICAL DESCRIPTION | |
| Extent | xx,779 |
| Other physical details | PB |
| 365 ## - TRADE PRICE | |
| Price amount | 565 |
| Currency code | INR |
| 650 ## - SUBJECT ADDED ENTRY--TOPICAL TERM | |
| Topical term or geographic name entry element | Cost Accounting |
| 9 (RLIN) | 84595 |
| 906 ## - LOCAL DATA ELEMENT F, LDF (RLIN) | |
| a | accounting: ; applications ; Cost ; fundamentals ; its ; management |
| 942 ## - ADDED ENTRY ELEMENTS (KOHA) | |
| Source of classification or shelving scheme | Dewey Decimal Classification |
| Koha item type | Book |
| Withdrawn status | Lost status | Damaged status | Not for loan | Collection code | Home library | Current library | Date acquired | Source of acquisition | Cost, normal purchase price | Total Checkouts | Full call number | Barcode | Date last seen | Price effective from | Koha item type |
|---|---|---|---|---|---|---|---|---|---|---|---|---|---|---|---|
| MCom Finance & Analytics | St Aloysius PG Library | St Aloysius PG Library | 08/28/2018 | Biblios Book Point | 565.00 | 657.42 GILC | PG015823 | 08/24/2022 | 04/26/2021 | Book | |||||
| MCom Finance & Analytics | St Aloysius PG Library | St Aloysius PG Library | 08/28/2018 | Biblios Book Point | 565.00 | 657.42 GILC | PG015824 | 08/24/2022 | 04/26/2021 | Book |